000
00287nam a22001217a 4500
008
140207t xxu||||| |||| 00| 0 eng d
020
_a
978-81-203-0470-3
100
_a
William J. Goode
_9
673
245
_a
The family
250
_a
second edition
300
_a
viii, 200 p.
942
_2
ddc
_c
BK
999
_c
16932
_d
16932